| 000 -LEADER |
| fixed length control field |
00697nam a2200205Ia 4500 |
| 001 - CONTROL NUMBER |
| control field |
10585 |
| 003 - CONTROL NUMBER IDENTIFIER |
| control field |
GE_BSU |
| 005 - DATE AND TIME OF LATEST TRANSACTION |
| control field |
20221116143924.0 |
| 008 - FIXED-LENGTH DATA ELEMENTS--GENERAL INFORMATION |
| fixed length control field |
181216s2003en xx |||||||||||||| ||eng|| |
| 020 ## - INTERNATIONAL STANDARD BOOK NUMBER |
| International Standard Book Number |
033395727x |
| 040 ## - CATALOGING SOURCE |
| Transcribing agency |
GE_BSU |
| 080 ## - UNIVERSAL DECIMAL CLASSIFICATION NUMBER |
| Universal Decimal Classification number |
338.22+811.111 G-62 |
| 100 ## - MAIN ENTRY--PERSONAL NAME |
| Personal name |
Gomm, Helena. |
| 9 (RLIN) |
15858 |
| 245 ## - TITLE STATEMENT |
| Title |
In company pre-intermediate:Teacher's book / |
| Statement of responsibility, etc. |
Helena Gomm. |
| 264 ## - PRODUCTION, PUBLICATION, DISTRIBUTION, MANUFACTURE, AND COPYRIGHT NOTICE |
| Place of production, publication, distribution, manufacture |
Oxford : |
| Name of producer, publisher, distributor, manufacturer |
Macmillan, |
| Date of production, publication, distribution, manufacture, or copyright notice |
2003. |
| 300 ## - PHYSICAL DESCRIPTION |
| Extent |
174 p.: |
| Other physical details |
30 cm. |
| Dimensions |
ill. |
| 653 ## - INDEX TERM--UNCONTROLLED |
| keyword |
In company pre-intermediate:Teacher's book |
| 653 ## - INDEX TERM--UNCONTROLLED |
| keyword |
კომპანიაში წინასწარი შუალედური: მასწავლებლის წიგნი |
| 942 ## - ADDED ENTRY ELEMENTS (KOHA) |
| Koha item type |
წიგნი |
| Source of classification or shelving scheme |
|